000 00301nam a22001337a 4500
008 230525b |||||||| |||| 00| 0 eng d
020 _a8189530119
100 _aR. K. Bangia
245 _aContract I
260 _aFaridabad
_bALA Pub.
_c2021
300 _a632
546 _aEnglish
942 _2ddc
_cBK
999 _c20085
_d20085